1945 1945 1038 1361 1196 1736 1015 1758 1172 1433 1950 1620 1300 1870 1860 1333 1155 1454 1175 1493 1173 1940 1767 1519 1544 1424 1228 1831 1848 1867 1173 1512 1477 1522 1781 1022 1243 1143 1659 1951 1614 1697 1419 1370 1229 1973 1436 1731 1450 1565 1267 1184 1550 1521 1990 1412 1847 1446 1638 1531 1053 1268 1989 1403 1252 1669 1556 1029 1181 1315 1022 1775 1837 1133 1037 1341 1168 1580 1609 1595 1952 1380 1116 1615 1960 1468 1657 1851 1463 1969 1649 1591 1919 1974 1155 1389 1832 1616 1177 BCNSPRNW ULIB Ver.6.0+V

เปลี่ยนเป็นภาษาไทย

Change to English
 แสดงรายละเอียดบรรณานุกรม
  กลับหน้าหลัก

Brief Record : Get Marc (ISO 2709) : E-mail record : QR code < ปิดหน้าต่าง
LEADER : 00000nam 2200000uu 4500
001    13399112729
003     ULIB
008    110907s2549||||th 000 0 tha d
020    9749995279
050 04 LB1027^bว343ป 2549
245 10 ประมวลบทความกิจกรรมพัฒนาผู้เรียนสู่มาตรฐานการเรียนรู้ กลุ่มสาระการเรียนรู้สังคมศึกษา ศาสนาและวัฒนธรรม / ^cบรรณาธิการ, วลัย พานิช
250    พิมพ์ครั้งที่ 1
260    กรุงเทพฯ : ^bศูนย์ตำราและเอกสารทางวิชาการ คณะครุศาสตร์ จุฬาลงกรณ์มหาวิทยาลัย, ^c2549
300    239 หน้า ;^c21 ซม
505 0  กิจกรรมพัฒนาทักษะการแสวงหาความรู้และการสร้าง องค์ความรู้ :กิจกรรมโครงงานสังคมศึกษา / วลัย พานิช -- กิจกรรมการแก้ปัญหา / วันทนา ทวีคุณธรรม -- กิจกรรมแบบสรรค์สร้างความรู้กับสาระประวัติศาสตร์ /รัชนีกร หงส์พนัส -- การใช้อินเทอร์เน็ตในการสืบค้นข้อมูล / เนาวนิตย์ สงคราม-- กิจกรรมการพัฒนาทักษะการคิดและการนำเสนอความคิด : การใช้แผนผังกราฟฟิค / วลัย พานิช -- กิจกรรมแสดงบทบาทสมมมติ / สมนึกปฏิปทานนท์ -- กิจกรรมสถานการณ์จำลอง / วลัย พานิช -- 4 MAT Approach : กิจกรรมที่เน้นพฤติกรรมการเรียนรู้ของนักเรียน / อรรถพล อนันตวรสกุล -- กิจกรรมพัฒนาคุณธรรม จริยธรรมและค่านิยม : กิจกรรมการบริหารจิตและเจริญปัญญา / ปาริชาติ ศรีดาชาติ, วิภา สุประดิษฐ ณ อยุธยา, ทศพร เชาวน์ดี -- กิจกรรมการพัฒนาค่านิยม / วลัย พานิช -- กิจกรรมพัฒนาคุณธรรม จริยธรรมและค่านิยมเพื่อการบริโภคที่ถูกต้อง / อรรถพลอนันตวรสกุล -- กิจกรรมพัฒนาการทำงานกลุ่ม : กิจกรรมการเรียนรู้แบบการสืบเสาะแสวงหาความรู้เป็นกลุ่ม / ดวงกมล สินเพ็ง-- กิจกรรมการเรียนแบบร่วมมือ / ปรารถนา เกษน้อย
650  7 กิจกรรมการเรียนการสอน
650  7 การเรียนรู้
650  7 กลุ่มสาระการเรียนรู้สังคมศึกษา ศาสนาและวัฒนธรรม
700 0  วลัย พานิช
710 2   จุฬาลงกรณ์มหาวิทยาลัย. ^bคณะครุศาสตร์
945    ^p150^l0^i020561
995    ทศพร
999 ^a ทศพร
รายการนี้ยังไม่มีแท็ก
คุณยังไม่ได้ล็อกอิน คุณสามารถมีกิจกรรมร่วมกับเว็บไซต์ได้ แต่ต้องล็อกอินก่อน ::
  ล็อกอิน

รายการสื่อสารสนเทศ

ลำดับที่ ประเภท เลขเรียก/บาร์โค้ด สถานที่ สถานะ
- ไม่พบข้อมูล -

รายการใกล้เคียง
    หัวเรื่อง [กิจกรรมการเรียนการสอน]
    หัวเรื่อง [การเรียนรู้]

BibComment


ยังไม่เคยถูกคอมเมนท์

คอมเมนท์ทรัพยากรรายการนี้
  คอมเมนท์: ประมวลบทความกิจกร..


 Copyright 2026. Bcnsprnw @Library